Prezidentské a parlamentní volby ve Francii v roce 02

Systémové a inštitucionálne zmeny vo Francúzsku, v ktorých volebná súťaž prebiehala. Štúdium volebného správania sa. Analýza otázok, ktoré neboli bezprostredne témou otvorenej volebnej kampane vo Francúzsku. Vzťahy medzi politickými stranami.

Saved in:
Bibliographic Details
Main Author: Reschová, Jana
Format: Book Chapter
Language:Czech
Subjects:
Tags: Add Tag
No Tags, Be the first to tag this record!

MARC

LEADER 00000naa a2200000 4500
001 r047210
005 20231003115307.5
041 0 |a cze 
044 |a CZ 
245 1 0 |a Prezidentské a parlamentní volby ve Francii v roce 02  |c Jana Reschová 
520 |a Systémové a inštitucionálne zmeny vo Francúzsku, v ktorých volebná súťaž prebiehala. Štúdium volebného správania sa. Analýza otázok, ktoré neboli bezprostredne témou otvorenej volebnej kampane vo Francúzsku. Vzťahy medzi politickými stranami. 
610 2 0 |a voľby 
610 2 0 |a politika 
610 2 0 |a Francúzsko 
610 2 0 |a demokracia 
610 2 0 |a strany opozičné 
610 2 0 |a strany politické 
610 2 0 |a strany vládne 
610 2 0 |a dokumenty vládne 
610 2 0 |a 2002 
100 1 |a Reschová, Jana